000 00801nam a2200217Ii 4500
003 JO-AjNU
008 230605s9999||||xx |||||||||||||| ||und||
020 _a978-9957-98-118-1
040 _aJO-AjNU
_bara
_erda
_cJO-AjNU
041 _aara
050 1 4 _aDT197.A45 2019
100 3 _aعامر، محمود علي ,
_eauthor
_960818
245 0 0 _aتاريخ تونس وليبيا المعاصر
250 _aط1
264 3 1 _aعمان: دار الاعصار العلمي للنشر والتوزيع، 2019
300 _a357ص
336 _atext
_btxt
_2rdacontent
337 _aunmediated
_bn
_2rdamedia
338 _avolume
_bnc
_2rdacarrier
650 4 _aشمال افريقيا-تاريخ - تونس - تاريخ - ليبيا - تاريخ - دول المغرب العربي - تاريخ
_960819
999 _aA27452
_c31020
_d31020